Which Country is More Densely Populated? #2 - Statistics

General Stats
  • This quiz has been taken 23 times
  • The average score is 5 of 10
Answer Stats
Question Answer % Correct
Norway or Argentina? Argentina
86%
Nigeria or Liechtenstein? Nigeria
68%
Democratic Republic of the Congo or Republic of the Congo? Democratic Republic of the Congo
64%
United Kingdom or Pakistan? Pakistan
64%
Lebanon or Rwanda? Rwanda
55%
Belize or Paraguay? Belize
50%
El Salvador or Luxembourg El Salvador
50%
Gambia or Jamaica? Gambia
41%
Saint Lucia or Trinidad and Tobago? Saint Lucia
32%
Botswana or Canada? Canada
23%
No matching quizzes found
Score Distribution
Percent of People with Each Score
Percentile by Number Answered
Your Score History
You have not taken this quiz